[Event "High League 2022 men"]
[Site "Obninsk"]
[Date "2022.06.30"]
[Round "5.13"]
[White "Paravyan, David"]
[Black "Belyakov, Bogdan"]
[Result "1/2-1/2"]
[LiveChessVersion "1.4.7"]
[BlackElo "2448"]
[WhiteElo "2620"]

1. d4 {[%clk 1:30:57]} Nf6 {[%clk 1:29:44]} 2. c4 {[%clk 1:31:23]} g6
{[%clk 1:28:02]} 3. Nc3 {[%clk 1:31:47]} Bg7 {[%clk 1:28:27]} 4. e4
{[%clk 1:32:14]} d6 {[%clk 1:28:51]} 5. h3 {[%clk 1:32:42]} O-O {[%clk 1:28:38]}
6. Be3 {[%clk 1:33:07]} c5 {[%clk 1:26:02]} 7. d5 {[%clk 1:33:03]} b5
{[%clk 1:23:45]} 8. cxb5 {[%clk 1:33:00]} a6 {[%clk 1:24:11]} 9. a4
{[%clk 1:29:07]} axb5 {[%clk 1:16:16]} 10. Bxb5 {[%clk 1:24:36]} Ba6
{[%clk 1:08:12]} 11. Nf3 {[%clk 1:15:48]} Ne8 {[%clk 1:01:00]} 12. Nd2
{[%clk 1:01:40]} Nc7 {[%clk 0:59:41]} 13. h4 {[%clk 1:00:16]} Nd7
{[%clk 0:56:57]} 14. h5 {[%clk 0:54:56]} Bxb5 {[%clk 0:50:23]} 15. axb5
{[%clk 0:54:46]} Rxa1 {[%clk 0:50:47]} 16. Qxa1 {[%clk 0:55:13]} Qb8
{[%clk 0:49:07]} 17. O-O {[%clk 0:35:54]} Nxb5 {[%clk 0:45:48]} 18. h6
{[%clk 0:28:30]} Bf6 {[%clk 0:40:42]} 19. Qa4 {[%clk 0:27:38]} Nxc3
{[%clk 0:39:36]} 20. bxc3 {[%clk 0:27:39]} Ne5 {[%clk 0:39:27]} 21. Rb1
{[%clk 0:23:02]} Qa8 {[%clk 0:34:35]} 22. Qd1 {[%clk 0:16:25]} Qa6
{[%clk 0:26:44]} 23. c4 {[%clk 0:07:57]} Qa2 {[%clk 0:21:44]} 24. Rb3
{[%clk 0:05:42]} Qa4 {[%clk 0:17:07]} 25. Qe2 {[%clk 0:05:24]} Qd7
{[%clk 0:16:38]} 26. f3 {[%clk 0:05:31]} Bh8 {[%clk 0:14:29]} 27. Qd1
{[%clk 0:01:32]} f5 {[%clk 0:12:01]} 28. exf5 {[%clk 0:01:58]} Qxf5
{[%clk 0:11:24]} 29. Qb1 {[%clk 0:01:26]} Bf6 {[%clk 0:10:17]} 30. Rb8
{[%clk 0:00:33]} Qxb1+ {[%clk 0:08:54]} 31. Rxb1 {[%clk 0:00:59]} Kf7
{[%clk 0:08:55]} 32. Rb7 {[%clk 0:00:32]} g5 {[%clk 0:07:14]} 33. f4
{[%clk 0:00:32]} gxf4 {[%clk 0:02:40]} 34. Bxf4 {[%clk 0:00:59]} Re8
{[%clk 0:03:03]} 35. Kf1 {[%clk 0:00:32]} Kg6 {[%clk 0:03:06]} 36. Ke2
{[%clk 0:00:53]} Nf7 {[%clk 0:02:35]} 37. Ne4 {[%clk 0:00:50]} Nxh6
{[%clk 0:01:32]} 38. Bxh6 {[%clk 0:00:33]} Kxh6 {[%clk 0:01:57]} 39. Nxf6
{[%clk 0:00:51]} exf6+ {[%clk 0:02:22]} 40. Kd3 {[%clk 0:30:57]} Rd8
{[%clk 0:32:02]} 41. Kc3 {[%clk 0:19:42]} Kg6 {[%clk 0:25:01]} 42. Kb3
{[%clk 0:18:54]} h5 {[%clk 0:20:28]} 43. Ka4 {[%clk 0:17:38]} Kf5
{[%clk 0:18:45]} 44. Kb5 {[%clk 0:16:49]} Ke5 {[%clk 0:17:24]} 45. Rh7
{[%clk 0:12:01]} Rg8 {[%clk 0:15:07]} 46. Rxh5+ {[%clk 0:07:37]} f5
{[%clk 0:15:06]} 47. Rh6 {[%clk 0:07:53]} Rxg2 {[%clk 0:14:06]} 48. Re6+
{[%clk 0:08:20]} Kd4 {[%clk 0:14:17]} 49. Rxd6 {[%clk 0:08:44]} Rb2+
{[%clk 0:14:18]} 50. Kc6 {[%clk 0:09:11]} Kxc4 {[%clk 0:14:39]} 51. Rf6
{[%clk 0:03:07]} Rd2 {[%clk 0:13:25]} 52. d6 {[%clk 0:01:58]} Kb4
{[%clk 0:13:38]} 53. d7 {[%clk 0:00:41]} Rxd7 {[%clk 0:13:55]} 54. Kxd7
{[%clk 0:01:07]} c4 {[%clk 0:14:19]} 55. Rb6+ {[%clk 0:00:34]} Ka3
{[%clk 0:14:19]} 56. Rc6 {[%clk 0:00:44]} Kb3 {[%clk 0:14:43]} 57. Ke6
{[%clk 0:01:01]} c3 {[%clk 0:15:06]} 58. Kxf5 {[%clk 0:01:25]} c2
{[%clk 0:15:32]} 59. Rxc2 {[%clk 0:01:43]} Kxc2 {[%clk 0:15:57]} 1/2-1/2

[Event "High League 2022 men"]
[Site "Obninsk"]
[Date "2022.06.30"]
[Round "5.14"]
[White "Obgolts, Erik"]
[Black "Kobalia, Mikhail"]
[Result "0-1"]
[LiveChessVersion "1.4.7"]
[BlackElo "2590"]
[WhiteElo "2435"]

1. d4 {[%clk 1:30:57]} d5 {[%clk 1:30:41]} 2. Nf3 {[%clk 1:31:23]} Nf6
{[%clk 1:31:07]} 3. Bf4 {[%clk 1:31:49]} c5 {[%clk 1:31:11]} 4. e3
{[%clk 1:32:16]} Nc6 {[%clk 1:31:37]} 5. Nbd2 {[%clk 1:32:43]} cxd4
{[%clk 1:31:50]} 6. exd4 {[%clk 1:33:09]} Bf5 {[%clk 1:32:10]} 7. Bb5
{[%clk 1:32:24]} Rc8 {[%clk 1:32:05]} 8. c3 {[%clk 1:20:42]} a6 {[%clk 1:27:45]}
9. Bxc6+ {[%clk 1:10:25]} Rxc6 {[%clk 1:27:46]} 10. Ne5 {[%clk 1:10:40]} Rb6
{[%clk 1:25:07]} 11. g4 {[%clk 0:57:39]} Be6 {[%clk 1:20:29]} 12. Nb3
{[%clk 0:43:39]} g6 {[%clk 1:07:30]} 13. Qe2 {[%clk 0:42:00]} h5 {[%clk 1:03:42]}
14. g5 {[%clk 0:40:23]} Nd7 {[%clk 1:00:10]} 15. Nxd7 {[%clk 0:36:27]} Bxd7
{[%clk 0:57:54]} 16. Be5 {[%clk 0:36:39]} Rg8 {[%clk 0:58:13]} 17. O-O-O
{[%clk 0:36:13]} Ba4 {[%clk 0:56:20]} 18. f4 {[%clk 0:33:40]} Bxb3
{[%clk 0:48:53]} 19. axb3 {[%clk 0:34:06]} Rxb3 {[%clk 0:49:04]} 20. h4
{[%clk 0:26:16]} Qa5 {[%clk 0:40:42]} 21. Qc2 {[%clk 0:20:10]} Qa2
{[%clk 0:40:08]} 22. c4 {[%clk 0:17:24]} Rb4 {[%clk 0:34:38]} 23. b3
{[%clk 0:17:50]} Qa3+ {[%clk 0:29:11]} 24. Qb2 {[%clk 0:16:08]} Qxb2+
{[%clk 0:22:50]} 25. Kxb2 {[%clk 0:16:34]} dxc4 {[%clk 0:23:11]} 26. Kc3
{[%clk 0:17:02]} Rxb3+ {[%clk 0:23:28]} 27. Kxc4 {[%clk 0:17:28]} Ra3
{[%clk 0:23:15]} 28. Rb1 {[%clk 0:14:17]} b5+ {[%clk 0:23:03]} 29. Kc5
{[%clk 0:14:45]} Kd7 {[%clk 0:20:39]} 30. Kb6 {[%clk 0:14:15]} e6
{[%clk 0:19:10]} 31. d5 {[%clk 0:14:18]} exd5 {[%clk 0:14:34]} 32. Rhd1
{[%clk 0:13:00]} Be7 {[%clk 0:12:14]} 33. Rxd5+ {[%clk 0:13:27]} Ke6
{[%clk 0:12:35]} 34. Rbd1 {[%clk 0:13:49]} Re3 {[%clk 0:09:40]} 35. Kxa6
{[%clk 0:14:13]} b4 {[%clk 0:10:02]} 36. Rb5 {[%clk 0:14:11]} Re8
{[%clk 0:08:38]} 37. Rc1 {[%clk 0:14:13]} Re4 {[%clk 0:05:18]} 38. Bb8
{[%clk 0:11:34]} f6 {[%clk 0:04:14]} 39. f5+ {[%clk 0:09:26]} Kf7
{[%clk 0:03:59]} 40. fxg6+ {[%clk 0:37:15]} Kxg6 {[%clk 0:34:26]} 41. Rc6
{[%clk 0:37:40]} Kf7 {[%clk 0:29:00]} 42. Bg3 {[%clk 0:29:22]} Rg4
{[%clk 0:25:41]} 43. gxf6 {[%clk 0:26:38]} Bxf6 {[%clk 0:25:32]} 44. Bd6
{[%clk 0:26:18]} Re6 {[%clk 0:15:17]} 45. Kb7 {[%clk 0:26:23]} Rxh4
{[%clk 0:15:26]} 46. Bxb4 {[%clk 0:20:55]} Rh1 {[%clk 0:15:13]} 47. Rc7+
{[%clk 0:19:22]} Kg6 {[%clk 0:15:38]} 48. Bd2 {[%clk 0:19:35]} h4
{[%clk 0:14:34]} 49. Rc4 {[%clk 0:18:34]} Rg1 {[%clk 0:13:55]} 50. Bc3
{[%clk 0:16:57]} Rg5 {[%clk 0:11:11]} 51. Rxg5+ {[%clk 0:14:13]} Bxg5
{[%clk 0:11:18]} 52. Ba5 {[%clk 0:13:26]} h3 {[%clk 0:11:21]} 53. Bc7
{[%clk 0:13:53]} Re7 {[%clk 0:11:16]} 0-1

[Event "High League 2022 men"]
[Site "Obninsk"]
[Date "2022.06.30"]
[Round "5.15"]
[White "Kryakvin, Dmitry"]
[Black "Remizov, Yaroslav"]
[Result "1/2-1/2"]
[LiveChessVersion "1.4.7"]
[BlackElo "2390"]
[WhiteElo "2524"]

1. c4 {[%clk 1:22:43]} e6 {[%clk 1:30:11]} 2. Nf3 {[%clk 1:22:17]} Nf6
{[%clk 1:30:20]} 3. Nc3 {[%clk 1:22:36]} d5 {[%clk 1:29:52]} 4. d4
{[%clk 1:22:59]} c6 {[%clk 1:29:24]} 5. e3 {[%clk 1:23:22]} Nbd7 {[%clk 1:29:19]}
6. Be2 {[%clk 1:23:42]} Bd6 {[%clk 1:28:17]} 7. O-O {[%clk 1:20:17]} O-O
{[%clk 1:25:22]} 8. b3 {[%clk 1:20:14]} e5 {[%clk 1:21:52]} 9. dxe5
{[%clk 1:18:28]} Nxe5 {[%clk 1:21:43]} 10. cxd5 {[%clk 1:18:33]} Nxf3+
{[%clk 1:21:45]} 11. Bxf3 {[%clk 1:15:59]} Be5 {[%clk 1:22:07]} 12. Bb2
{[%clk 1:09:40]} Nxd5 {[%clk 1:20:24]} 13. Bxd5 {[%clk 1:08:49]} cxd5
{[%clk 1:20:34]} 14. Na4 {[%clk 1:08:27]} Bxb2 {[%clk 1:19:31]} 15. Nxb2
{[%clk 1:08:51]} Qf6 {[%clk 1:19:53]} 16. Qd2 {[%clk 1:04:49]} Re8
{[%clk 1:08:07]} 17. Na4 {[%clk 1:00:25]} Bd7 {[%clk 1:00:00]} 18. Nc3
{[%clk 0:59:00]} Rad8 {[%clk 1:00:11]} 19. Rad1 {[%clk 0:55:57]} Bg4
{[%clk 0:50:35]} 20. Nxd5 {[%clk 0:44:33]} Qe5 {[%clk 0:50:04]} 21. f3
{[%clk 0:44:16]} Be6 {[%clk 0:50:28]} 22. e4 {[%clk 0:42:50]} Bxd5
{[%clk 0:46:56]} 23. exd5 {[%clk 0:41:29]} h5 {[%clk 0:46:30]} 24. Rfe1
{[%clk 0:38:00]} Qd6 {[%clk 0:45:13]} 25. Qd4 {[%clk 0:37:59]} a5
{[%clk 0:41:24]} 26. f4 {[%clk 0:34:23]} Rxe1+ {[%clk 0:32:29]} 27. Rxe1
{[%clk 0:34:47]} Kh7 {[%clk 0:32:33]} 28. Re5 {[%clk 0:32:38]} Kh6
{[%clk 0:31:30]} 29. Qd1 {[%clk 0:23:56]} g6 {[%clk 0:31:13]} 30. Qd4
{[%clk 0:19:20]} f6 {[%clk 0:31:03]} 31. Re1 {[%clk 0:18:53]} Qxd5
{[%clk 0:30:44]} 32. Qxf6 {[%clk 0:18:33]} Qd4+ {[%clk 0:31:07]} 33. Qxd4
{[%clk 0:18:59]} Rxd4 {[%clk 0:31:34]} 34. g3 {[%clk 0:11:52]} Rd2
{[%clk 0:27:49]} 35. a4 {[%clk 0:09:58]} Rd3 {[%clk 0:27:53]} 36. Re5
{[%clk 0:08:34]} Rxb3 {[%clk 0:28:08]} 37. Rxa5 {[%clk 0:09:00]} Ra3
{[%clk 0:28:32]} 38. Kg2 {[%clk 0:06:13]} b5 {[%clk 0:28:58]} 39. Rxb5
{[%clk 0:06:20]} Rxa4 {[%clk 0:29:24]} 40. Kh3 {[%clk 0:36:16]} Ra2
{[%clk 0:59:13]} 41. Rb6 {[%clk 0:36:35]} Kg7 {[%clk 0:58:23]} 42. Kh4
{[%clk 0:36:30]} Kh6 {[%clk 0:58:51]} 43. h3 {[%clk 0:33:45]} Ra4
{[%clk 0:59:19]} 44. Rf6 {[%clk 0:32:32]} Rb4 {[%clk 0:59:46]} 45. g4
{[%clk 0:32:25]} Rxf4 {[%clk 0:59:51]} 1/2-1/2

[Event "High League 2022 men"]
[Site "Obninsk"]
[Date "2022.06.30"]
[Round "5.16"]
[White "Yeletsky, Ivan"]
[Black "Shakirov, Marat"]
[Result "1-0"]
[LiveChessVersion "1.4.7"]
[BlackElo "2290"]
[WhiteElo "2474"]

1. e4 {[%clk 1:30:50]} e6 {[%clk 1:30:50]} 2. d4 {[%clk 1:30:52]} d5
{[%clk 1:31:14]} 3. Nc3 {[%clk 1:31:12]} Bb4 {[%clk 1:31:40]} 4. e5
{[%clk 1:31:28]} c5 {[%clk 1:32:05]} 5. a3 {[%clk 1:31:48]} Bxc3+
{[%clk 1:32:31]} 6. bxc3 {[%clk 1:32:09]} Qc7 {[%clk 1:32:58]} 7. h4
{[%clk 1:32:31]} f6 {[%clk 1:28:42]} 8. Nf3 {[%clk 1:30:04]} Nc6 {[%clk 1:28:44]}
9. Bf4 {[%clk 1:17:28]} Nge7 {[%clk 1:27:35]} 10. exf6 {[%clk 1:10:30]} Qxf4
{[%clk 1:27:57]} 11. fxe7 {[%clk 1:10:48]} Nxe7 {[%clk 1:19:27]} 12. Bb5+
{[%clk 1:09:32]} Kf8 {[%clk 1:18:01]} 13. a4 {[%clk 1:04:12]} g6 {[%clk 1:15:44]}
14. h5 {[%clk 1:02:32]} gxh5 {[%clk 1:12:59]} 15. Rxh5 {[%clk 1:00:39]} Nf5
{[%clk 1:03:08]} 16. Bd3 {[%clk 0:53:02]} Nd6 {[%clk 1:02:50]} 17. Ne5
{[%clk 0:47:49]} Ne4 {[%clk 0:50:59]} 18. Bxe4 {[%clk 0:44:49]} Qxe4+
{[%clk 0:51:25]} 19. Kf1 {[%clk 0:45:08]} Rg8 {[%clk 0:50:38]} 20. g3
{[%clk 0:41:20]} b6 {[%clk 0:35:36]} 21. Qd2 {[%clk 0:40:29]} Ba6+
{[%clk 0:31:59]} 22. Kg1 {[%clk 0:40:38]} h6 {[%clk 0:32:22]} 23. Re1
{[%clk 0:39:56]} Qh7 {[%clk 0:32:42]} 24. Rxh6 {[%clk 0:40:13]} Qf5
{[%clk 0:30:51]} 25. Rf6+ {[%clk 0:37:50]} Qxf6 {[%clk 0:30:50]} 26. Nd7+
{[%clk 0:38:09]} Kf7 {[%clk 0:31:13]} 27. Nxf6 {[%clk 0:38:31]} 1-0

[Event "High League 2022 men"]
[Site "Obninsk"]
[Date "2022.06.30"]
[Round "5.17"]
[White "Shoboev, Dandar"]
[Black "Sakaev, Konstantin"]
[Result "0-1"]
[LiveChessVersion "1.4.7"]
[BlackElo "2603"]
[WhiteElo "2244"]

1. d4 {[%clk 1:30:59]} Nf6 {[%clk 1:30:41]} 2. c4 {[%clk 1:31:23]} e6
{[%clk 1:31:07]} 3. g3 {[%clk 1:31:31]} d5 {[%clk 1:31:30]} 4. Nf3
{[%clk 1:31:56]} Bb4+ {[%clk 1:31:51]} 5. Bd2 {[%clk 1:32:21]} Be7
{[%clk 1:32:16]} 6. Bg2 {[%clk 1:32:47]} O-O {[%clk 1:32:39]} 7. O-O
{[%clk 1:33:12]} Nbd7 {[%clk 1:33:02]} 8. Qc2 {[%clk 1:33:32]} c6
{[%clk 1:33:24]} 9. b3 {[%clk 1:32:44]} b6 {[%clk 1:32:03]} 10. Nc3
{[%clk 1:33:05]} Ba6 {[%clk 1:30:56]} 11. Qd3 {[%clk 1:29:48]} c5
{[%clk 1:27:38]} 12. Nb5 {[%clk 1:25:10]} Bxb5 {[%clk 1:24:59]} 13. cxb5
{[%clk 1:25:30]} Bd6 {[%clk 1:16:44]} 14. a4 {[%clk 1:19:47]} Rc8
{[%clk 1:10:57]} 15. Rfc1 {[%clk 1:17:06]} Ne4 {[%clk 1:06:44]} 16. Be1
{[%clk 1:14:39]} Ng5 {[%clk 0:40:55]} 17. Nxg5 {[%clk 0:55:05]} Qxg5
{[%clk 0:41:16]} 18. dxc5 {[%clk 0:55:28]} Bxc5 {[%clk 0:39:05]} 19. e3
{[%clk 0:50:34]} Qe7 {[%clk 0:36:35]} 20. Qc3 {[%clk 0:39:06]} Rb8
{[%clk 0:30:46]} 21. Rc2 {[%clk 0:34:57]} Rfd8 {[%clk 0:25:57]} 22. Rd1
{[%clk 0:28:53]} Nf6 {[%clk 0:23:28]} 23. b4 {[%clk 0:26:18]} Bd6
{[%clk 0:21:44]} 24. Qb3 {[%clk 0:26:43]} h5 {[%clk 0:19:52]} 25. h3
{[%clk 0:23:59]} Nd7 {[%clk 0:18:09]} 26. f4 {[%clk 0:17:26]} Nf6
{[%clk 0:15:28]} 27. Rc6 {[%clk 0:14:16]} Rd7 {[%clk 0:10:39]} 28. Rdc1
{[%clk 0:13:43]} Rbd8 {[%clk 0:10:22]} 29. a5 {[%clk 0:13:00]} Bc7
{[%clk 0:07:22]} 30. Qc3 {[%clk 0:09:51]} Ne8 {[%clk 0:07:39]} 31. h4
{[%clk 0:10:12]} Rb8 {[%clk 0:05:58]} 32. Bf1 {[%clk 0:10:19]} Bd6
{[%clk 0:04:55]} 33. Rc8 {[%clk 0:05:53]} Rxc8 {[%clk 0:03:54]} 34. Qxc8
{[%clk 0:06:21]} e5 {[%clk 0:04:06]} 35. axb6 {[%clk 0:04:33]} axb6
{[%clk 0:04:31]} 36. fxe5 {[%clk 0:03:18]} Bxe5 {[%clk 0:04:50]} 37. Bf2
{[%clk 0:03:02]} Rd8 {[%clk 0:04:02]} 38. Qc6 {[%clk 0:03:08]} Nf6
{[%clk 0:03:42]} 39. Bg2 {[%clk 0:02:12]} Ng4 {[%clk 0:03:13]} 40. Qxb6
{[%clk 0:30:38]} Nxf2 {[%clk 0:32:14]} 41. Kxf2 {[%clk 0:31:03]} d4
{[%clk 0:31:11]} 42. Re1 {[%clk 0:23:03]} Rd6 {[%clk 0:21:21]} 43. Bc6
{[%clk 0:12:30]} Qf6+ {[%clk 0:19:36]} 44. Kg2 {[%clk 0:09:14]} Qg6
{[%clk 0:18:57]} 0-1

[Event "High League 2022 men"]
[Site "Obninsk"]
[Date "2022.06.30"]
[Round "5.18"]
[White "Tsvetkov, Andrey"]
[Black "Grigorjev, Iljya"]
[Result "0-1"]
[LiveChessVersion "1.4.7"]
[BlackElo "2350"]
[WhiteElo "2398"]

1. d4 {[%clk 1:30:58]} Nf6 {[%clk 1:30:53]} 2. c4 {[%clk 1:31:27]} e6
{[%clk 1:31:15]} 3. Nc3 {[%clk 1:31:45]} d5 {[%clk 1:31:38]} 4. cxd5
{[%clk 1:31:35]} exd5 {[%clk 1:32:01]} 5. Bg5 {[%clk 1:32:00]} c6
{[%clk 1:32:24]} 6. e3 {[%clk 1:32:22]} Bf5 {[%clk 1:32:48]} 7. Qb3
{[%clk 1:30:04]} b5 {[%clk 1:28:37]} 8. Bxf6 {[%clk 1:19:44]} Qxf6
{[%clk 1:27:10]} 9. a4 {[%clk 1:17:46]} b4 {[%clk 1:24:45]} 10. Nxd5
{[%clk 1:17:43]} cxd5 {[%clk 1:25:00]} 11. Qxd5 {[%clk 1:18:12]} Nc6
{[%clk 1:24:33]} 12. Bb5 {[%clk 1:18:41]} Bd7 {[%clk 1:19:38]} 13. Rc1
{[%clk 1:18:54]} Rc8 {[%clk 1:19:58]} 14. Nf3 {[%clk 1:19:21]} Qd6
{[%clk 0:50:06]} 15. Qe4+ {[%clk 1:18:45]} Kd8 {[%clk 0:45:02]} 16. Ng5
{[%clk 1:16:02]} Qf6 {[%clk 0:45:25]} 17. Qd5 {[%clk 1:13:06]} Ke8
{[%clk 0:43:50]} 18. Nf3 {[%clk 0:33:24]} Qd6 {[%clk 0:43:55]} 19. Qe4+
{[%clk 0:33:18]} Kd8 {[%clk 0:44:14]} 20. O-O {[%clk 0:33:15]} Qg6
{[%clk 0:28:03]} 21. Qd5 {[%clk 0:31:54]} Qd6 {[%clk 0:26:04]} 22. Bxc6
{[%clk 0:25:04]} Bxc6 {[%clk 0:24:55]} 23. Qxf7 {[%clk 0:22:13]} Rc7
{[%clk 0:25:20]} 24. Qf5 {[%clk 0:21:33]} Qd5 {[%clk 0:25:16]} 25. Qh3
{[%clk 0:19:47]} Bd6 {[%clk 0:22:29]} 26. e4 {[%clk 0:18:59]} Qb3
{[%clk 0:20:22]} 27. Qh4+ {[%clk 0:17:20]} Kc8 {[%clk 0:19:38]} 28. Nd2
{[%clk 0:16:19]} Qf7 {[%clk 0:18:54]} 29. f4 {[%clk 0:12:58]} Rd8
{[%clk 0:17:50]} 30. b3 {[%clk 0:09:54]} Bb7 {[%clk 0:16:20]} 31. d5
{[%clk 0:09:03]} Ba6 {[%clk 0:15:09]} 32. Nc4 {[%clk 0:08:22]} Bxc4
{[%clk 0:15:13]} 33. bxc4 {[%clk 0:08:51]} Qd7 {[%clk 0:14:16]} 34. Kh1
{[%clk 0:08:11]} b3 {[%clk 0:13:02]} 35. Qg3 {[%clk 0:04:58]} Qxa4
{[%clk 0:12:47]} 36. Rb1 {[%clk 0:04:17]} Qxc4 {[%clk 0:12:20]} 37. e5
{[%clk 0:04:37]} Ba3 {[%clk 0:10:52]} 38. Qh3+ {[%clk 0:04:11]} Rcd7
{[%clk 0:09:04]} 39. d6 {[%clk 0:04:07]} Re8 {[%clk 0:08:45]} 40. Rfe1
{[%clk 0:31:20]} a5 {[%clk 0:35:02]} 41. Rxb3 {[%clk 0:27:00]} Bb4
{[%clk 0:35:20]} 42. Qf3 {[%clk 0:25:42]} Kb8 {[%clk 0:34:13]} 43. Rbb1
{[%clk 0:23:58]} Rf8 {[%clk 0:22:52]} 44. Re4 {[%clk 0:22:39]} Qc5
{[%clk 0:22:54]} 45. Qd3 {[%clk 0:21:29]} Rc8 {[%clk 0:21:06]} 46. h3 Qc6 47. Kh2
{[%clk 0:20:35]} Rb7 {[%clk 0:19:51]} 48. Rd1 {[%clk 0:19:43]} Rd8
{[%clk 0:18:48]} 49. Rc4 {[%clk 0:19:38]} Qb5 {[%clk 0:17:35]} 50. Qc2
{[%clk 0:15:49]} g5 51. Rcd4 gxf4 {[%clk 0:14:18]} 52. e6 {[%clk 0:10:31]} f3
{[%clk 0:14:41]} 53. Qe4 {[%clk 0:06:08]} Qe2 {[%clk 0:13:32]} 54. Qg4
{[%clk 0:04:00]} Qe5+ {[%clk 0:12:39]} 55. Qg3 {[%clk 0:04:09]} Qxe6
{[%clk 0:12:58]} 56. d7+ {[%clk 0:02:47]} Ka7 {[%clk 0:11:38]} 57. Rxb4
{[%clk 0:02:06]} axb4 {[%clk 0:12:24]} 58. Ra1+ {[%clk 0:02:24]} Kb6
{[%clk 0:12:38]} 59. Qg5 Qd6+ 60. g3 {[%clk 0:02:28]} Rbxd7 {[%clk 0:04:34]} 61.
Qa5+ {[%clk 0:02:49]} Kc6 {[%clk 0:03:59]} 62. Qa6+ {[%clk 0:01:33]} Kd5
{[%clk 0:03:36]} 63. Rd1+ {[%clk 0:01:34]} Ke5 {[%clk 0:03:56]} 64. Qa5+
{[%clk 0:00:35]} Qd5 {[%clk 0:03:55]} 65. Rxd5+ {[%clk 0:01:03]} Rxd5
{[%clk 0:04:19]} 66. Qc7+ {[%clk 0:01:32]} Kd4 {[%clk 0:02:41]} 67. g4 b3
{[%clk 0:02:51]} 68. Kg3 {[%clk 0:01:37]} b2 {[%clk 0:02:41]} 69. Qc2
{[%clk 0:00:44]} Rb5 {[%clk 0:03:04]} 70. Qd2+ {[%clk 0:01:03]} Kc5
{[%clk 0:02:45]} 71. Qc3+ {[%clk 0:00:44]} Kb6 {[%clk 0:03:10]} 72. Qe3+
{[%clk 0:00:46]} Ka6 {[%clk 0:02:42]} 73. Qa3+ {[%clk 0:00:47]} Kb7
{[%clk 0:02:45]} 74. Qe7+ {[%clk 0:01:15]} Kc8 {[%clk 0:03:07]} 75. Qe6+
{[%clk 0:01:39]} Kb8 {[%clk 0:03:33]} 0-1

[Event "High League 2022 men"]
[Site "Obninsk"]
[Date "2022.06.30"]
[Round "5.19"]
[White "Kotenko, Pavel"]
[Black "Shapiro, David"]
[Result "1/2-1/2"]
[LiveChessVersion "1.4.7"]
[BlackElo "2393"]
[WhiteElo "2323"]

1. e4 {[%clk 1:30:56]} e5 {[%clk 1:30:54]} 2. Nf3 {[%clk 1:31:14]} Nf6
{[%clk 1:31:20]} 3. d4 {[%clk 1:31:25]} Nxe4 {[%clk 1:31:40]} 4. Bd3
{[%clk 1:31:42]} Nc6 {[%clk 1:32:05]} 5. Nxe5 {[%clk 1:31:48]} Nxe5
{[%clk 1:32:26]} 6. Bxe4 {[%clk 1:32:07]} d5 {[%clk 1:32:49]} 7. dxe5
{[%clk 1:32:15]} dxe4 {[%clk 1:33:16]} 8. Qxd8+ {[%clk 1:32:25]} Kxd8
{[%clk 1:33:43]} 9. Nc3 {[%clk 1:32:42]} Bb4 {[%clk 1:33:24]} 10. Bg5+
{[%clk 1:32:53]} Ke8 {[%clk 1:33:24]} 11. O-O-O {[%clk 1:33:05]} Bg4
{[%clk 1:33:04]} 12. Rd4 {[%clk 1:33:02]} Bxc3 {[%clk 1:33:16]} 13. bxc3
{[%clk 1:33:27]} h6 {[%clk 1:32:28]} 14. Rxe4 {[%clk 1:33:35]} Bh3
{[%clk 1:32:39]} 15. gxh3 {[%clk 1:33:47]} hxg5 {[%clk 1:33:05]} 16. Rg1
{[%clk 1:33:57]} Rxh3 {[%clk 1:24:23]} 17. Rxg5 {[%clk 1:34:19]} g6
{[%clk 1:24:11]} 18. e6 {[%clk 1:33:21]} Rxc3 {[%clk 1:16:12]} 19. h4
{[%clk 1:32:04]} Rc6 {[%clk 0:45:12]} 20. exf7+ {[%clk 1:12:07]} Kxf7
{[%clk 0:45:30]} 21. h5 {[%clk 1:12:16]} gxh5 {[%clk 0:42:14]} 22. Rxh5
{[%clk 1:11:27]} Rg8 {[%clk 0:40:49]} 23. Rh7+ {[%clk 1:10:24]} 1/2-1/2

[Event "High League 2022 men"]
[Site "Obninsk"]
[Date "2022.06.30"]
[Round "5.20"]
[White "Makarian, Rudik"]
[Black "Abrekov, Mussa"]
[Result "1-0"]
[LiveChessVersion "1.4.7"]
[BlackElo "2133"]
[WhiteElo "2534"]

1. d4 {[%clk 1:26:51]} d5 {[%clk 1:30:55]} 2. c4 {[%clk 1:27:16]} e6
{[%clk 1:31:20]} 3. Nf3 {[%clk 1:27:39]} Nf6 {[%clk 1:31:41]} 4. g3
{[%clk 1:28:05]} Be7 {[%clk 1:31:57]} 5. Bg2 {[%clk 1:28:29]} O-O
{[%clk 1:32:18]} 6. Nc3 {[%clk 1:28:37]} c6 {[%clk 1:30:54]} 7. O-O
{[%clk 1:28:54]} Nbd7 {[%clk 1:31:19]} 8. Bf4 {[%clk 1:25:47]} b6
{[%clk 1:29:43]} 9. cxd5 Nxd5 {[%clk 1:24:48]} 10. Nxd5 {[%clk 1:11:04]} exd5
{[%clk 1:22:25]} 11. Qc2 {[%clk 1:10:49]} Bb7 {[%clk 1:22:39]} 12. Rad1
{[%clk 1:09:58]} Re8 {[%clk 1:17:50]} 13. h4 {[%clk 1:07:57]} c5 {[%clk 1:05:48]}
14. dxc5 {[%clk 0:49:29]} Bxc5 {[%clk 1:04:00]} 15. Ng5 {[%clk 0:40:37]} Nf6
{[%clk 1:03:40]} 16. e4 {[%clk 0:40:28]} h6 {[%clk 1:02:00]} 17. Nxf7
{[%clk 0:40:50]} Kxf7 {[%clk 1:02:06]} 18. e5 {[%clk 0:41:14]} Re6
{[%clk 0:34:30]} 19. exf6 {[%clk 0:40:02]} Qxf6 {[%clk 0:34:44]} 20. Rxd5
{[%clk 0:39:47]} Bxd5 {[%clk 0:32:34]} 21. Bxd5 {[%clk 0:40:11]} Rae8
{[%clk 0:32:56]} 22. Be3 {[%clk 0:30:32]} Bd6 {[%clk 0:28:00]} 23. Qa4
{[%clk 0:29:09]} R8e7 {[%clk 0:26:13]} 24. Rd1 {[%clk 0:25:26]} Kg6
{[%clk 0:19:31]} 25. Qc2+ {[%clk 0:17:35]} Qf5 {[%clk 0:16:51]} 26. h5+
{[%clk 0:17:38]} Kf6 {[%clk 0:16:49]} 27. Qxf5+ {[%clk 0:17:59]} Kxf5
{[%clk 0:17:17]} 28. Bxe6+ {[%clk 0:18:24]} Rxe6 {[%clk 0:16:09]} 29. Kg2
{[%clk 0:18:52]} Be5 {[%clk 0:11:55]} 30. b3 {[%clk 0:19:13]} Re7
{[%clk 0:11:40]} 31. Kf3 {[%clk 0:19:36]} Ke6 {[%clk 0:07:59]} 32. g4
{[%clk 0:20:00]} Rc7 {[%clk 0:07:41]} 33. Rc1 {[%clk 0:20:14]} Rd7
{[%clk 0:07:52]} 34. Ke4 {[%clk 0:20:36]} Bb2 {[%clk 0:07:31]} 35. Rc2
{[%clk 0:20:46]} Ba1 {[%clk 0:07:27]} 36. Rc6+ {[%clk 0:19:38]} Kf7
{[%clk 0:07:46]} 37. f4 {[%clk 0:19:55]} Re7+ {[%clk 0:07:35]} 38. Kf3
{[%clk 0:20:14]} Bb2 {[%clk 0:07:48]} 39. a4 {[%clk 0:19:55]} Ba1
{[%clk 0:07:59]} 40. a5 {[%clk 0:49:57]} bxa5 {[%clk 0:38:08]} 41. Ra6
{[%clk 0:50:23]} Bc3 {[%clk 0:35:38]} 42. Rxa7 {[%clk 0:50:28]} Rxa7
{[%clk 0:35:54]} 43. Bxa7 {[%clk 0:50:56]} g6 {[%clk 0:35:28]} 44. hxg6+
{[%clk 0:50:18]} Kxg6 {[%clk 0:35:55]} 45. Ke4 {[%clk 0:50:33]} h5
{[%clk 0:35:09]} 46. f5+ {[%clk 0:50:54]} Kg5 {[%clk 0:35:15]} 47. gxh5
{[%clk 0:51:16]} Kxh5 {[%clk 0:35:41]} 48. Bd4 {[%clk 0:51:15]} Bb4
{[%clk 0:35:58]} 49. Ke5 {[%clk 0:51:35]} Kg5 {[%clk 0:35:02]} 50. f6
{[%clk 0:51:49]} Kg6 {[%clk 0:35:25]} 1-0